แสดงรายละเอียดบรรณานุกรม
  กลับหน้าหลัก

Brief Record : Get Marc (ISO 2709) : E-mail record : QR code ปิดหน้าต่าง
E-books : เกี่ยวกับ Collections
LEADER 00000nam 2200000uu 4500
001    211059
003     ULIBM
008    160603s||||||||th 000 0 tha d
020    978-616-279-700-2
060  0 WL400 ข979 2558
245 00 ^aไขสันหลังบาดเจ็บ/^cกิ่งแก้ว ปาจรีย์,บรรณาธิการ.
250    ^aพิมพ์ครั้งที่ 1.
260    ^aกรุงเทพฯ:^bศิริราชพยาบาล คณะแพทยศาสตร์ มหาวิทยาลัยมหิดล,^c2558.
300    ^a432 หน้า:^bภาพประกอบ;^c26 ซม.
650  0 ^aกระดูก,โรค^xการรักษา
650  0 ^aกระดูกสันหลัง,โรค
650  0 ^aไขสันหลังบาดเจ็บ
700 0  ^aกิ่งแก้ว ปาจรีย์,บรรณาธิการ
710 0  ^a มหาวิทยาลัยมหิดล. คณะแพทยศาสตร์.ศิริราชพยาบาล
999    ^aใช้งานได้ทุกระบบ
รายการนี้ยังไม่มีแท็ก
คุณยังไม่ได้ล็อกอิน คุณสามารถมีกิจกรรมร่วมกับเว็บไซต์ได้ แต่ต้องล็อกอินก่อน ::
  ล็อกอิน
ลำดับที่ ประเภท เลขเรียก สถานที่ สถานะ
1. การพยาบาล (ตำราหลัก)
การพยาบาล (ตำราหลัก)
WL400 ข979 2558 ฉ.1 
  
การพยาบาลผู้ใหญ่ On Shelf
  ขอยืม
Note:จัดซื้อปีงบ 59
2. การพยาบาล (ตำราหลัก)
การพยาบาล (ตำราหลัก)
WL400 ข979 2558 ฉ.2 
  
การพยาบาลผู้ใหญ่ On Shelf
  ขอยืม
Note:จัดซื้อปีงบ 59
3. การพยาบาล (ตำราหลัก)
การพยาบาล (ตำราหลัก)
WL400 ข979 2558 ฉ.3 
  
การพยาบาลผู้ใหญ่ On Shelf
  ขอยืม
Note:ปีงบประมาณ 2560
4. การพยาบาล (ตำราหลัก)
การพยาบาล (ตำราหลัก)
WL400 ข979 2558 ฉ.4 
  
การพยาบาลผู้ใหญ่ On Shelf
  ขอยืม
Note:ปีงบประมาณ 2560
5. การพยาบาล (ตำราหลัก)
การพยาบาล (ตำราหลัก)
WL400 ข979 2558 ฉ.5 
  
การพยาบาลผู้ใหญ่ On Shelf
  ขอยืม
Note:ปีงบประมาณ 2560
6. การพยาบาล (ตำราหลัก)
การพยาบาล (ตำราหลัก)
WL400 ข979 2558 ฉ.6 
  
การพยาบาลผู้ใหญ่ On Shelf
  ขอยืม
Note:ปีงบประมาณ 2560
7. การพยาบาล (ตำราหลัก)
การพยาบาล (ตำราหลัก)
WL400 ข979 2558 ฉ.7 
  
การพยาบาลผู้ใหญ่ On Shelf
  ขอยืม
Note:ปีงบประมาณ 2560
   [แสดง 7/7 รายการ]

รายการใกล้เคียง
    หัวเรื่อง [กระดูกสันหลัง,โรค]
    หัวเรื่อง [ไขสันหลังบาดเจ็บ]

BibComment


ยังไม่เคยถูกคอมเมนท์

คอมเมนท์ทรัพยากรรายการนี้
  คอมเมนท์: ไขสันหลังบาดเจ็บ..
Bib 211059

 
 
 

 Union Library Management : ULibM
Copyright 2026. All Rights Reserved.
скачать бесплатно без регистрации порно красивый секс HD Sex Hindi sex

xxx gou

xxxx

bfxxx

xxxwww

Секса Видео

xxxx

Секса Видео

detube

geilexxx

C99 Shell

worms shell

blod xxx video
Ebony Coed Rihanna Rimes Takes A Dick In Her Young Twat priyaa indian fuck anal and pusssy hardcore indian women xxx desi hardcore fucking part 1 bengalixxxcouple